000 00486nam a2200217Ia 4500
003 0100
008 130227s9999 xx 000 0 und d
040 _cARRUPELIB
050 _aPR9390.9S31J6
100 _aSamachai, Kawengo
245 4 _aThe job that never was
245 _band other stories
260 _aHarare
260 _bBenaby
260 _C2005
300 _a130p.
300 _b 21cm.
650 _bBeryson, Henri Louis
650 _cEducation
942 _2lcc
_02
999 _c6008
_d6008